UM Logo

Portfolio analysis / (Record no. 8254)

MARC details
000 -LEADER
fixed length control field 00733nam a2200193 4500
008 - FIXED-LENGTH DATA ELEMENTS--GENERAL INFORMATION
fixed length control field 180105b xxu||||| |||| 00| 0 eng d
020 ## - INTERNATIONAL STANDARD BOOK NUMBER
International Standard Book Number 0136868258
082 ## - DEWEY DECIMAL CLASSIFICATION NUMBER
Edition number 1986
Classification number DC 322.6
Item number Al2
100 ## - MAIN ENTRY--PERSONAL NAME
9 (RLIN) 25537
Personal name Alexander, Gordon J., author.
245 ## - TITLE STATEMENT
Title Portfolio analysis /
Statement of responsibility, etc. Gordon J. Alexander, Jack Clark Francis.
250 ## - EDITION STATEMENT
Edition statement Third edition.
260 ## - PUBLICATION, DISTRIBUTION, ETC. (IMPRINT)
Place of publication, distribution, etc. Englewood Cliffs, N.J. :
Name of publisher, distributor, etc. Prentice-Hall,
Date of publication, distribution, etc. ©1986.
300 ## - PHYSICAL DESCRIPTION
Extent xiv, 306 pages :
Other physical details illustrations ;
Dimensions 24 cm.
500 ## - GENERAL NOTE
General note Includes bibliographical references and indexes.
650 #0 - SUBJECT ADDED ENTRY--TOPICAL TERM
9 (RLIN) 25538
Topical term or geographic name as entry element Portfolio management
General subdivision Econometric models.
650 #0 - SUBJECT ADDED ENTRY--TOPICAL TERM
9 (RLIN) 25539
Topical term or geographic name as entry element Investment analysis
General subdivision Econometric models.
700 ## - ADDED ENTRY--PERSONAL NAME
9 (RLIN) 25540
Personal name Francis, Jack Clark, author.
942 ## - ADDED ENTRY ELEMENTS (KOHA)
Source of classification or shelving scheme Dewey Decimal Classification
Koha item type Circulation
Holdings
Withdrawn status Lost status Source of classification or shelving scheme Damaged status Not for loan Collection code Home library Current library Date acquired Source of acquisition Total Checkouts Full call number Barcode Date last seen Copy number Price effective from Koha item type
    Dewey Decimal Classification     Circulation UM Digos College - LIC UM Digos College - LIC 01/04/1995 Purchased   DC 322.6 Al2 1986 11649 05/15/2025 1 01/05/2018 Circulation